|
|
|
|
| LEADER |
01171nam a2200313 a 4500 |
| 001 |
38033 |
| 003 |
BD-DhAAL |
| 005 |
20220314101540.0 |
| 008 |
220314t19931994nyu b 001 0 eng |
| 999 |
|
|
|c 43764
|d 43764
|
| 010 |
|
|
|a 92054323
|
| 020 |
|
|
|a 0887306209 :
|c $25.00 ($31.00 Can.)
|
| 040 |
|
|
|a DLC
|c DLC
|d DLC
|d BD-DhAAL
|
| 050 |
0 |
0 |
|a HC59.15
|b .D78 1993
|
| 082 |
0 |
0 |
|a 330.9049
|2 20
|
| 100 |
1 |
|
|a Drucker, Peter F.
|q (Peter Ferdinand),
|d 1909-2005.
|9 46904
|
| 245 |
1 |
0 |
|a Post-capitalist society /
|c Peter F. Drucker.
|
| 250 |
|
|
|a First edition
|
| 260 |
|
|
|a New York, NY :
|b HarperBusiness,
|c c1993.
|
| 300 |
|
|
|a 232 pages ;
|c 25 cm.
|
| 504 |
|
|
|a Includes bibliographical references and index.
|
| 541 |
|
|
|a Donated by Akbar Ali Khan
|e 38033
|
| 650 |
|
0 |
|a Economic history
|y 1990-
|9 46905
|
| 650 |
|
0 |
|a Capitalism.
|9 46906
|
| 650 |
|
0 |
|a World politics
|y 1989-
|9 46907
|
| 650 |
|
0 |
|a Information society.
|9 46908
|
| 852 |
|
|
|a Ayesha Abed Library
|c Akbar Ali Khan Collection
|
| 942 |
|
|
|2 ddc
|c BK
|
| 952 |
|
|
|0 0
|1 0
|2 ddc
|4 0
|6 330_904900000000000_DRU
|7 1
|9 70124
|a BRACUL
|b BRACUL
|c AAKC
|d 2022-03-14
|e Donated by Akbar Ali Khan
|l 0
|o 330.9049 DRU
|p 3010038033
|r 2022-03-14
|t 1
|w 2022-03-14
|y BK
|